书目信息 |
| 题名: |
色彩构成
|
|
| 作者: | 陈瑛 , 孙霖 , 李芃 编著 | |
| 分册: | ||
| 出版信息: | 武汉 武汉大学出版社 2003.08 |
|
| 页数: | 129页 | |
| 开本: | 29cm | |
| 丛书名: | 高等学校艺术设计系列教材 | |
| 单 册: | ||
| 中图分类: | J063 | |
| 科图分类: | ||
| 主题词: | 色彩学--高等学校--教材 , 色彩学 | |
| 电子资源: | ||
| ISBN: | 7-307-03949-4 | |
| 000 | 00787nam2 2200277 45 | |
| 001 | 012003000000 | |
| 005 | 20050111145048.27 | |
| 010 | @a7-307-03949-4@dCNY 36.00 | |
| 100 | @a20040302d2003 em y0chiy0121 ea | |
| 101 | 0 | @achi |
| 102 | @aCN@b420000 | |
| 105 | @aak z 000yy | |
| 200 | 1 | @a色彩构成@Ase cai gou cheng@f陈瑛, 孙霖, 李芃编著 |
| 210 | @a武汉@c武汉大学出版社@d2003.08 | |
| 215 | @a129页@c图, 表格@d29cm | |
| 225 | 2 | @a高等学校艺术设计系列教材 |
| 320 | @a附主要参考文献 | |
| 410 | 0 | @12001 @a高等学校艺术设计系列教材 |
| 606 | 0 | @a色彩学@x高等学校@j教材 |
| 606 | 0 | @a色彩学 |
| 690 | @aJ063@v4 | |
| 701 | 0 | @a陈瑛@Achen ying@4编著 |
| 701 | 0 | @a孙霖@Asun lin@4编著 |
| 701 | 0 | @a李芃@Ali peng@4编著 |
| 801 | 0 | @aCN@bQSSKw@c20050111 |
| 905 | @a10447@dJ063@eC622 | |
| 色彩构成/陈瑛, 孙霖, 李芃编著.-武汉:武汉大学出版社,2003.08 |
| 129页:图, 表格;29cm.-(高等学校艺术设计系列教材) |
| ISBN 7-307-03949-4:CNY 36.00 |
| ● |
| 相关链接 |
|
|
|
正题名:色彩构成
索取号:J063/C622
 
预约/预借
| 序号 | 登录号 | 条形码 | 馆藏地/架位号 | 状态 | 备注 |
| 1 | 436247 | 204362475 | 社科库309/309社科库 64排2列1层/ [索取号:J063/C622] | 在馆 | |
| 2 | 436248 | 204362484 | 社科库309/309社科库 64排2列1层/ [索取号:J063/C622] | 在馆 | |
| 3 | 436249 | 204362493 | 自科二线404/309社科库 64排2列1层/ [索取号:J063/C622] | 在馆 |